LDR 00603naa#a2200181#i#450# 001 EN\RIOR\bibl\126706 005 20260701044035.3 011 ## _a2409-5087 100 ## _a20260630b2026####ek#y0engy0150####ca 102 ## _aRU 200 1# _aHuman Rights as Doctrine and as Reality _eJournal article 210 1# _aMoscow _cPublishing Center RIOR _d2026 215 ## _a4 с. 608 ## _aJournal article _2local 686 ## _aОбщественные науки в целом. 60 _2bbk 686 ## _aТеория государства и права. 10.07 _2grnti 700 #1 _aSigalov _gKonstantin Elizarovich 856 4# _ariorpub.com _u